Sử dụng AutoCAD 2000

محفوظ في:
التفاصيل البيبلوغرافية
المؤلف الرئيسي: Nguyễn Hữu Lộc
التنسيق: كتاب
اللغة:Undetermined
منشور في: Thành phố Hồ Chí Minh Tổng hợp Thành phố Hồ Chí Minh 2006
الموضوعات:
الوسوم: إضافة وسم
لا توجد وسوم, كن أول من يضع وسما على هذه التسجيلة!
Thư viện lưu trữ: Trung tâm Học liệu Trường Đại học Cần Thơ
LEADER 00640nam a2200205Ia 4500
001 CTU_101522
008 210402s9999 xx 000 0 und d
020 |c 49000 
082 |a 006.68 
082 |b L451/T2 
100 |a Nguyễn Hữu Lộc 
245 0 |a Sử dụng AutoCAD 2000 
245 0 |c Nguyễn Hữu Lộc 
260 |a Thành phố Hồ Chí Minh 
260 |b Tổng hợp Thành phố Hồ Chí Minh 
260 |c 2006 
650 |a autoCAD ( computer programs ),computer graphics 
650 |x computer programs 
904 |i Minh 
980 |a Trung tâm Học liệu Trường Đại học Cần Thơ